ՀՀ Գիտությունների ազգային ակադեմիայի հիմնարար գիտական գրադարան  =   Fundamental Scientific Library of NAS RA

"Евгений Онегин". Роман В стихах А. С. Пушкина (Record no. 513958)

MARC details
000 -LEADER
fixed length control field 00877-am-a2200241-a-4500
001 - CONTROL NUMBER
control field YSU0072480
003 - CONTROL NUMBER IDENTIFIER
control field AM-YEHGA
005 - DATE AND TIME OF LATEST TRANSACTION
control field 20250618075949.0
008 - FIXED-LENGTH DATA ELEMENTS--GENERAL INFORMATION
fixed length control field 971108s1962 xxu 000 0 rus u
020 ## - INTERNATIONAL STANDARD BOOK NUMBER
Terms of availability 140.00
040 ## - CATALOGING SOURCE
Original cataloging agency AM-YeHGA
090 ## - LOCALLY ASSIGNED LC-TYPE CALL NUMBER (OCLC); LOCAL CALL NUMBER (RLIN)
-- 517478
100 1# - MAIN ENTRY--PERSONAL NAME
Personal name Лахостский, Карилл Павлович
245 11 - TITLE STATEMENT
Title "Евгений Онегин". Роман В стихах А. С. Пушкина
260 0# - PUBLICATION, DISTRIBUTION, ETC.
Place of publication, distribution, etc. Л. ,
Date of publication, distribution, etc. 1962.
300 ## - PHYSICAL DESCRIPTION
Extent 72с.
500 ## - GENERAL NOTE
General note Общество по распространению полит. и науч. знаний РСФС
650 #4 - SUBJECT ADDED ENTRY--TOPICAL TERM
Topical term or geographic name entry element Художественная литература
9 (RLIN) 4918
653 ## - INDEX TERM--UNCONTROLLED
Uncontrolled term Пушкин, Александр Сергеевич. Евгений Онегин
653 ## - INDEX TERM--UNCONTROLLED
Uncontrolled term Русская литература
700 1# - ADDED ENTRY--PERSONAL NAME
Personal name Воробьев, Г.С.
Relationship edt
942 ## - ADDED ENTRY ELEMENTS (KOHA)
Source of classification or shelving scheme Universal Decimal Classification
Koha item type Գրքեր / Books
Holdings
Withdrawn status Lost status Damaged status Not for loan Collection Home library Current library Date acquired Total checkouts Full call number Barcode Date last seen Price effective from Koha item type Public note
        General Fundamental Scientific Library Fundamental Scientific Library 23/08/2021   РII/59412 FL0656887 23/08/2021 23/08/2021 Գրքեր / Books 30 Days Loan


ՀՀ ԳԱԱ հիմնարար գիտական գրադարան
ՀՀ,Երևան 0019
Մարշալ Բաղրամյան 24/6
հեռախոս:(374-10) 52-47-50
Հետադարձ կապ

All site content, except where otherwise noted, is licensed under a
Creative Commons License